[Event "Heusenstamm Sparkassen op-A 6th"]
[Site "Heusenstamm"]
[Date "2019.11.22"]
[Round "2"]
[White "Baumann, Dennis"]
[Black "Altenbernd, Dirk"]
[Result "1/2-1/2"]
[WhiteElo "1664"]
[BlackElo "1836"]
[PlyCount "48"]
[EventDate "2019.11.21"]
[EventType "swiss"]
[EventRounds "7"]
[EventCountry "GER"]
[SourceTitle "CBM 194 Extra"]
[Source "ChessBase"]
[SourceDate "2020.03.31"]
[SourceVersion "1"]
[SourceVersionDate "2020.03.31"]
[SourceQuality "1"]

1. d4 g6 2. c4 Bg7 3. Nc3 d6 4. e4 e5 5. Be3 Nc6 6. d5 Nce7 7. c5 f5 8. cxd6 cxd6 9. Qa4+ Kf7 10. f3 Nf6 11. Bd3 a6 12. Nge2 f4 13. Bf2 g5 14. 0-0-0 Qc7 15. Kb1 Bd7 16. Qb3 b5 17. Rc1 Qb8 18. Rc2 h5 19. Rhc1 Rc8 20. a3 Ne8 21. Na2 Rxc2 22. Rxc2 Kf8 23. Rc3 Qb7 24. Qc2 Rc8 1/2-1/2

[Event "Heusenstamm Sparkassen op-A 6th"]
[Site "Heusenstamm"]
[Date "2019.11.21"]
[Round "1"]
[White "Vlassis, Georgios"]
[Black "Baumann, Dennis"]
[Result "1-0"]
[WhiteElo "2017"]
[BlackElo "1664"]
[PlyCount "65"]
[EventDate "2019.11.21"]
[EventType "swiss"]
[EventRounds "7"]
[EventCountry "GER"]
[SourceTitle "CBM 194 Extra"]
[Source "ChessBase"]
[SourceDate "2020.03.31"]
[SourceVersion "1"]
[SourceVersionDate "2020.03.31"]
[SourceQuality "1"]

1. d4 Nf6 2. Nf3 d5 3. e3 e6 4. Bd3 c5 5. 0-0 c4 6. Be2 Bd6 7. b3 cxb3 8. axb3 b6 9. c4 Bb7 10. Nc3 0-0 11. Nb5 Nc6 12. Nxd6 Qxd6 13. Ne5 Rfc8 14. Ba3 Qc7 15. f4 Ne7 16. Rc1 Qd8 17. Bd3 Nf5 18. Qe2 Nd6 19. c5 bxc5 20. dxc5 Qa5 21. Ra1 Nde4 22. b4 Qd8 23. Rfc1 Bc6 24. Nxc6 Rxc6 25. Ba6 Nd7 26. Bb7 Rac8 27. Bb2 Qc7 28. Bxc8 Qxc8 29. Rxa7 h6 30. Rca1 Qd8 31. Ra8 Rc8 32. Rxc8 Qxc8 33. Qa6 1-0